| 000 | 004620000a22001330004500 | ||
|---|---|---|---|
| 773 | 0 | _tLa Biblia de las Américas | |
| 100 | 1 | _aOrtíz, Loida | |
| 245 | 1 | 0 | _a"La historia es un incesante volver a empezar" |
| 300 | _aVol.62, núm.285 (2007), Páginas 4-5 | ||
| 500 | _aEditorial | ||
| 520 | _aUn resumen de la hoja de vida del nuevo director de la Sociedad Bíblica Colombiana, Melvin Rivera Velázquez. | ||
| 650 | 1 | 4 | _aSOCIEDADES BÍBLICAS UNIDAS |
| 942 | _cANA | ||
| 999 |
_c62599 _d62599 |
||